|
|
|
|
| LEADER |
00000cam a2200000 7i4500 |
| 001 |
0000004615 |
| 002 |
000004977 |
| 005 |
20000330.0 |
| 020 |
|
|
|a 9679963535
|
| 090 |
0 |
0 |
|a 297.273
|b FAZ
|
| 100 |
0 |
|
|a Fazlur Rahman
|f Prof.Dr
|
| 245 |
1 |
0 |
|a Islam dan masalah keadilan ekonomi
|c Prof Dr.Fazlur Rahman ; terjemahan Saiful Azhar
|
| 260 |
|
|
|a Kuala Lumpur :
|b A.S.Noordeen ,
|c 1991
|
| 300 |
|
|
|a 81p. ;
|c 21cm.
|
| 650 |
0 |
0 |
|a Economics
|x Religious aspects
|x Islam
|
| 650 |
0 |
0 |
|a Islam and economics
|
| 650 |
0 |
0 |
|a Islam
|x Economic aspects
|
| 700 |
0 |
|
|a Saiful Azhar ,
|e penterjemah
|
| 999 |
|
|
|a 033527
|b BUKU
|c PINJAMAN
|e PERPUSTAKAAN KOMUNITI PETALING JAYA
|